Modern classroom assessment / (Record no. 137672)

MARC details
000 -LEADER
fixed length control field 00594nam a22001937a 4500
005 - DATE AND TIME OF LATEST TRANSACTION
control field 20170216165402.0
010 ## - LCCN (DPL NO)
LC control number ENG-117285
020 ## - INTERNATIONAL STANDARD BOOK NUMBER
International Standard Book Number 9789386062703
Terms of availability 895.00
035 ## - SYSTEM CONTROL NUMBER
System control number EN-100817
037 ## - SOURCE OF ACQUISITION
Source of stock number/acquisition DBAD/PUB
082 00 - DEWEY DECIMAL CLASSIFICATION NUMBER
Classification number 371.26
100 ## - MAIN ENTRY--PERSONAL NAME
Personal name Frey,Bruce B.
245 10 - TITLE STATEMENT
Title Modern classroom assessment /
Statement of responsibility, etc by Bruce B. Frey
260 ## - PUBLICATION, DISTRIBUTION, ETC. (IMPRINT)
Place of publication, distribution, etc New Delhi
Name of publisher, distributor, etc SAGE Publications
Date of publication, distribution, etc 2017
270 ## - ADDRESS
Address B1/I-1 Mohan Cooperative Industrial Area, Mathura Road
City New Delhi
Postal code 110044
300 ## - PHYSICAL DESCRIPTION
Extent xxi,366p. :
Dimensions 24cm(pbk)
Other physical details ill
500 ## - GENERAL NOTE
General note Includes index
942 ## - ADDED ENTRY ELEMENTS (KOHA)
Source of classification or shelving scheme Dewey Decimal Classification
Item type English Books
Classification part 371.26
Call number suffix FRE
Holdings
Withdrawn status Lost status Not for loan Collection code Home library Current library Date acquired Source of acquisition Cost, normal purchase price Full call number Barcode Copy number Cost, replacement price Koha item type
      Non-fiction Ashok Vihar Ashok Vihar 16/02/2017 DBAD/PUB 895.00 371.26 FRE EN-100817 1 895.00 English Books

© Delhi Public Library
Hit Counter
free hit counter